| 000 | 00710cam a22002411 4500 | ||
|---|---|---|---|
| 001 | sa 67003297 | ||
| 003 | DLC | ||
| 005 | 20260227112337.0 | ||
| 008 | 890908s1966 ii 000 0 tam | ||
| 010 | _asa 67003297 | ||
| 035 | _a(OCoLC)23570262 | ||
| 040 |
_aDLC _cMiU _dCU _dDLC |
||
| 042 | _apremarc | ||
| 050 | 0 | 0 |
_aDS481.A1 _bK28 |
| 100 | 1 |
_aKamaraj, K., _d1903-1975. |
|
| 245 | 1 | 0 |
_aUl̲aippē uyarvu tarum. _c[Cor̲pol̲ivāḷar] Ku. Kāmarāj. [Tokuttavar Ār. Caṇmukam. |
| 250 | _a[1. patippu] | ||
| 260 |
_aCen̲n̲ai, _bAruṇōkayam _c[1966] |
||
| 300 |
_a208 p. _c18 cm. |
||
| 500 | _aIn Tamil. | ||
| 651 | 0 |
_aIndia _xPolitics and government _y1947- |
|
| 700 | 1 |
_aShanmugam, R., _d1926- _eed. |
|
| 999 |
_c73771 _d73771 |
||